000
00330nam a22001457a 4500
003
SGT
020
_a
978-1-874545-53-8
082
_a
611
_b
C12M
100
_a
MCMINN, R.M.H.
245
_a
THE CONCISE HANDBOOK OF HUMAN ANATOMY
260
_a
INDIA
_b
MANSON PUB
_c
2012
300
_a
192
650
_a
ANATOMY
942
_2
ddc
_c
BK
_0
2
999
_c
15541
_d
15541